Statistics for Top 12 Detroit Pistons Players

Click here to take the quiz!

General Stats

  • This quiz has been taken 384 times
    (312 since last reset)
  • The average score is 8 of 12

Answer Stats

RankPlayerWin Share% Correct
4Isiah Thomas80.7
97%
6Ben Wallace65.9
92%
3Joe Dumars86.2
89%
5Chauncey Billups73.6
88%
1Bill Laimbeer98.4
78%
12Richard Hamilton54.0
72%
7Andre Drummond60.4
61%
2Bob Lanier91.6
56%
9Tayshaun Prince57.6
51%
8Grant Hill60.0
49%
11Dave Bing56.0
42%
10Larry Foust57.5
12%

Score Distribution

Percentile by Number Answered

Percent of People with Each Score

Your Score History

You have not taken this quiz since the last reset